महाराष्ट्रातील दुष्काळ व त्यावरील उपाय योजना (Record no. 454578)

MARC details
000 -LEADER
fixed length control field 00774nam a2200145Ia 4500
008 - FIXED-LENGTH DATA ELEMENTS--GENERAL INFORMATION
fixed length control field 100204s9999 xx 000 0 und d
082 ## - DEWEY DECIMAL CLASSIFICATION NUMBER
Item number 10142
100 ## - MAIN ENTRY--PERSONAL NAME
Personal name दाभोळकर चारुदत्त अच्युत
245 ## - TITLE STATEMENT
Title महाराष्ट्रातील दुष्काळ व त्यावरील उपाय योजना
260 ## - PUBLICATION, DISTRIBUTION, ETC. (IMPRINT)
Name of publisher, distributor, etc "प्राज्ञपाठशाळा मंडळ , वाई"
Date of publication, distribution, etc 1961
300 ## - PHYSICAL DESCRIPTION
Extent 138
630 ## - SUBJECT ADDED ENTRY--UNIFORM TITLE
Uniform title महाराष्ट्रातील दुष्काळ व त्यावरील उपाय योजना
730 ## - ADDED ENTRY--UNIFORM TITLE
Uniform title महाराष्ट्रातील दुष्काळ व त्यावरील उपाय योजना
942 ## - ADDED ENTRY ELEMENTS (KOHA)
Koha item type Book
Holdings
Withdrawn status Lost status Damaged status Not for loan Home library Current library Date acquired Cost, normal purchase price Total Checkouts Full call number Barcode Date last seen Cost, replacement price Price effective from Koha item type
        N. C. Kelkar Sarvajanik Library, Mulund N. C. Kelkar Sarvajanik Library, Mulund 02/04/2010 5.00   10142 NCKMULUND-10142 02/04/2010 5.00 02/04/2010 Book